| 000 | 01018nam a2200241Ia 4500 | ||
|---|---|---|---|
| 003 | IN-BaIIA | ||
| 008 | 211028s9999 xx 000 0 eng d | ||
| 020 | _a981-02-1792-7 | ||
| 040 | _cIIA Library | ||
| 080 |
_a530.145(082.1) _bCOH |
||
| 111 |
_aInternational Symposium on Coherent States, Past, Present and Future _cOak Ridge National Laboratory, Tennessee _d1993 June 14-17 _919399 |
||
| 245 | 0 |
_aCoherent states _bproceedings of the international Symposium on coherent states, past, present and future, held in Oak Ridge National Laboratory, Tennessee, USA, 14-17 June1993 _cedited by D H Feng, J R Klauder and M R Strayer |
|
| 260 |
_aSingapore _bWorld Scientific _c1994 |
||
| 300 | _a[various pagings.] | ||
| 650 | _aAstronomy and Astrophysics thesaurus | ||
| 650 |
_aCoherent states _919400 |
||
| 650 |
_aQuantum field theory _96197 |
||
| 650 |
_aWave Mechanics _91560 |
||
| 700 |
_aFeng, D. H., ed. _919401 |
||
| 700 |
_aKlauder, J. R.,ed. _919402 |
||
| 700 |
_aStrayer, M. R., ed. _919403 |
||
| 942 | _cBK | ||
| 999 |
_c11308 _d11308 |
||